The Cruel Prince (Record no. 47355)
[ view plain ]
| 000 -LEADER | |
|---|---|
| fixed length control field | 00617nam a22001817a 4500 |
| 005 - DATE AND TIME OF LATEST TRANSACTION | |
| control field | 20260317141918.0 |
| 008 - FIXED-LENGTH DATA ELEMENTS--GENERAL INFORMATION | |
| fixed length control field | 260317b |||||||| |||| 00| 0 eng d |
| 020 ## - INTERNATIONAL STANDARD BOOK NUMBER | |
| International Standard Book Number | 9781471407277 |
| 040 ## - CATALOGING SOURCE | |
| Transcribing agency | VITAP |
| 082 ## - DEWEY DECIMAL CLASSIFICATION NUMBER | |
| Edition number | 23rd Ed. |
| Classification number | 813.6 BLA |
| 100 ## - MAIN ENTRY--PERSONAL NAME | |
| Personal name | Black, Holly |
| 9 (RLIN) | 17273 |
| 245 ## - TITLE STATEMENT | |
| Title | The Cruel Prince |
| Statement of responsibility, etc. | / Holly Black |
| 260 ## - PUBLICATION, DISTRIBUTION, ETC. | |
| Place of publication, distribution, etc. | London |
| Name of publisher, distributor, etc. | Hot Key Books |
| Date of publication, distribution, etc. | 2018 |
| 300 ## - PHYSICAL DESCRIPTION | |
| Extent | 370p. : ill. ; 20cm |
| 440 ## - SERIES STATEMENT/ADDED ENTRY--TITLE | |
| Title | The Folk of the Air Series |
| 9 (RLIN) | 17275 |
| 650 #0 - SUBJECT ADDED ENTRY--TOPICAL TERM | |
| Topical term or geographic name entry element | Fairies -- Fiction; Sisters -- Fiction; Orphans -- Fiction; Princes -- Fiction; Courts and courtiers -- Fiction; Fantasy |
| Source of heading or term | |
| 9 (RLIN) | 17274 |
| 942 ## - ADDED ENTRY ELEMENTS (KOHA) | |
| Source of classification or shelving scheme | Dewey Decimal Classification |
| Koha item type | Reference Book |
| Withdrawn status | Lost status | Source of classification or shelving scheme | Materials specified (bound volume or other part) | Damaged status | Not for loan | Collection code | Home library | Current library | Shelving location | Date acquired | Source of acquisition | Cost, normal purchase price | Inventory number | Total Checkouts | Full call number | Barcode | Date last seen | Cost, replacement price | Price effective from | Koha item type | Public note |
|---|---|---|---|---|---|---|---|---|---|---|---|---|---|---|---|---|---|---|---|---|---|
| Dewey Decimal Classification | Paper Back | Reference | School of Business & General Section | VIT-AP | Reference | 2026-03-16 | Donated by PRAGYA MITTAL (24BCE8020) | 0.00 | DB1 | 813.6 BLA | 025669 | 2026-03-17 | 0.00 | 2026-03-16 | Reference Book | GEN |